000 00455nab a2200145Ia 4500
003 ES-SlBCS
005 20210601132859.0
008 140529s1974 xxu||||| |||| 00| 0 ita d
041 _aita
100 1 _aGiannini, Giorgio
_962848
245 0 0 _aLutero e Calvino in due recenti opere di P. Boyer
_c Giorgio Giannini
600 1 4 _aLutero-Calvino
_9183041
773 0 _tGiornali di Metafisica
_gvol. 29, nº. 2-3, 1974, págs. 175-179
_w0017-0372
942 _cAR
999 _c587107
_d587107